00898 2200301 4500001002100000005001500021035002500036007000300061008004100064020004100105040001700146082001500163084001700178090001400195090002200209100002000231245011500251260003000366300003700396500004100433505001600474650002400490700001700514700000900531850001200540999002200552990002200574INLIS00000000003531320191128104133 a0010-041800000000493ta180405s2017 yoia g ind d a978-979-29-6213-0 (SMK/MAK Kelas XI) aYOPDYOGbind04223a621.31 a621.31 SUR p aDEP SUR p aCB-D.11 2017-21940 aSuranto,d1975-10aPemeliharaan kelistrikan kendaraan ringan :buntuk SMK/MAK kelas XI /cSuranto, Joko Pramono; penyuting, Tyas aYogyakarta :bAndi,c2017 a... jilid :bilustrasi ;c25 cm. aYang diterima jilid SMK/MAK kelas XI t1. Kelas XI 4aListrik, Permesinan0 aJoko Pramono0 aTyas aYOPDYOG aCB-D.11/2017-2194 aCB-D.11/2017-2194